000 00860nam a2200265 i 4500
001 bg
245 0 0 _aWielka encyklopedia geografii świata.
_nT. 7,
_pSzata roślinna Ziemi /
_c[aut. tomu] Zbigniew Podbielkowski ; kom. nauk. Andrzej Kostrzewski [et al.].
260 _aPoznań :
_bWydaw. Kurpisz,
_c1997.
300 _a359,[1] s. :
_bfot., rys. kolor. ;
_c30 cm.
504 _aBibliogr. s. 349. - Indeks.
650 9 _aGeografia
650 9 _aRośliny
_xgeografia
655 _aEncyklopedie
700 1 _aKOSTRZEWSKI, Andrzej.
_eRed.
700 1 _aPODBIELKOWSKI, Zbigniew.
020 _a8386600373 (całość)
020 _a838660087X (t.7)
040 _cBPK
041 0 _apl
080 _a91:581.9](100)(03)
920 _a83-86600-37-3 (całość)
920 _a83-86600-87-X (t.7)
942 _cKS
008 s pl f |000 0 pol
999 _c31898
_d31898
856 _uhttp://koha.tu.koszalin.pl/cgi-bin/koha/opac-detail.pl?biblionumber=31898
_yKatalog online BPK